000 00766nam0a22002531 4500
001 rc\4856064
005 20250612195300.0
021 _aRU
_b[61-56042]
035 _a(NLR Aleph) 008816711
090 _a8195958
_c8195958
100 _a20130426d1961 |||y0rusy50 ca
101 1 _arus
_ctgk
102 _aRU
105 _ac z |||a|
200 1 _aСтихотворения и поэмы
_eПер. с тадж.
210 _aМосква
_cГослитиздат
_d1961
215 _a223 с., 1 л. портр.
_d13
225 1 _a[Библиотека советской поэзии]
700 1 _aТурсун-заде
_bМ.
_f1911-1977
_gМирзо
801 0 _aRU
_bNLR
_gpsbo
801 1 _aRU
_bELAR
_2rusmarc
852 _aNLR
_j61-1/932
942 _cBOOK
980 _aNB